000 00419pam a2200157a 44500
008 230515b1990 xxu||||| |||| 00| 0 eng d
020 _aNULL
041 _aENGLISH
082 _a617.522
100 _aBENNETT C.R.
245 _aMONHEIMS LOCAL ANESTHESIA AND PAIN CONTROL IN DENTAL PRACTICE
250 _a7TH
260 _aNEW DELHI
_b"C.B.S. PUBLISHERS, NEW DELHI"
_c1990
300 _a404
650 _aORAL SURGERY
999 _c425255
_d425255